LEADER 01775nam 2200541 a 450 001 9910454879003321 005 20200520144314.0 010 $a1-280-20396-X 010 $a9786610203963 010 $a0-309-58309-8 010 $a0-585-08474-2 035 $a(CKB)111004366659578 035 $a(SSID)ssj0000200605 035 $a(PQKBManifestationID)11168609 035 $a(PQKBTitleCode)TC0000200605 035 $a(PQKBWorkID)10220928 035 $a(PQKB)11668845 035 $a(MiAaPQ)EBC3376121 035 $a(Au-PeEL)EBL3376121 035 $a(CaPaEBR)ebr10055115 035 $a(OCoLC)923261285 035 $a(EXLCZ)99111004366659578 100 $a19901105d1991 uy 0 101 0 $aeng 135 $aurcn||||||||| 181 $ctxt 182 $cc 183 $acr 200 00$aMedicare--new directions in quality assurance$b[electronic resource] $eproceedings of an invitational conference /$fby the Institute of Medicine, Division of Health Care Services ; Molla S. Donaldson, Jo Harris-Wehling, and Kathleen N. Lohr, editors 210 $aWashington, D.C. $cNational Academy Press$d1991 215 $aix, 207 p. $cill 300 $aBibliographic Level Mode of Issuance: Monograph 311 $a0-309-04429-4 320 $aIncludes bibliographical references. 606 $aMedicare$vCongresses 608 $aElectronic books. 615 0$aMedicare 676 $a368.4/26/00973 701 $aDonaldson$b Molla S$0873645 701 $aHarris-Wehling$b Jo$f1941-$0873646 701 $aLohr$b Kathleen N.$f1941-$0873647 801 0$bMiAaPQ 801 1$bMiAaPQ 801 2$bMiAaPQ 906 $aBOOK 912 $a9910454879003321 996 $aMedicare--new directions in quality assurance$91950336 997 $aUNINA LEADER 03681nam 2200433 450 001 9910598033603321 005 20230327074251.0 035 $a(CKB)4920000000095091 035 $a(NjHacI)994920000000095091 035 $a(EXLCZ)994920000000095091 100 $a20230327d2019 uy 0 101 0 $aeng 135 $aur||||||||||| 181 $ctxt$2rdacontent 182 $cc$2rdamedia 183 $acr$2rdacarrier 200 00$aReligion, ritual and ritualistic objects /$fedited by Albertina Nugteren 210 1$aBasel, Switzerland :$cMDPI - Multidisciplinary Digital Publishing Institute,$d[2019] 210 4$dİ2019 215 $a1 online resource (240 pages) 311 $a3-03897-752-7 327 $aAbout the Special Issue Editor -- Preface to "Religion, Ritual and Ritualistic Objects" -- Introduction to the Special Issue Religion, Ritual, and Ritualistic Objects' -- Matter in Motion: A Dogon Kanaga Mask -- Requiescat in Pace'. Initiation and Assassination Rituals in the Assassin's Creed Game Series -- Lambling Baka: Immanence, Rituals, and Sacred Objects in an Unwritten Legend in Alor -- When Children Participate in the Death Ritual of a Parent: Funerary Photographs as Mnemonic Objects -- The Ritualizing of the Martial and Benevolent Side of Ravana in Two Annual Rituals at the Sri Devram Maha Viharaya in Pannipitiya, Sri Lanka -- On the Xiapu Ritual Manual Mani the Buddha of Light -- Influences of Egyptian Lotus Symbolism and Ritualistic Practices on Sacral Tree Worship in the Fertile Crescent from 1500 BCE to 200 CE -- Continuity and Discontinuity in 17th- and 18th-Century Ecclesiastical Silverworks from the Southern Andes -- Prayers of Cow Dung: Women Sculpturing Fertile Environments in Rural Rajasthan (India) -- Bare Feet and Sacred Ground: "Visnu Was Here". 330 $aThis is a volume about the life and power of ritual objects in their religious ritual settings. In this Special Issue, we see a wide range of contributions on material culture and ritual practices across religions. By focusing on the dynamic interrelations between objects, ritual, and belief, it explores how religion happens through symbolic materiality. The ritual objects presented in this volume include: masks worn in the Dogon dance; antique ecclesiastical silver objects carried around in festive processions and shown in shrines in the southern Andes; funerary photographs and films functioning as mnemonic objects for grieving children; a dented rock surface perceived to be the god's footprint in the archaic place of pilgrimage, Gaya (India); a recovered manual of rituals (from Xiapu county) for Mani, the founder of Manichaeism, juxtaposed to a Manichaean painting from southern China; sacred stories and related sacred stones in the Alor-Pantar archipelago, Indonesia; lotus symbolism, indicating immortalizing plants in the mythic traditions of Egypt, the Levant, and Mesopotamia; lavishly illustrated variations of portrayals of Ravana , a Sinhalese god-king-demon; figurines made of cow dung sculptured by rural women in Rajasthan (India); and mythical artifacts called 'Apples of Eden' in a well-known interactive game series. 606 $aReligious articles 606 $aRites and ceremonies 606 $aSymbolic anthropology 606 $aSymbolism 615 0$aReligious articles. 615 0$aRites and ceremonies. 615 0$aSymbolic anthropology. 615 0$aSymbolism. 676 $a203 702 $aNugteren$b Albertina$f1955- 801 0$bNjHacI 801 1$bNjHacl 906 $aBOOK 912 $a9910598033603321 996 $aReligion, Ritual and Ritualistic Objects$92948995 997 $aUNINA